000 00294nam a22001337a 4500
003 SGT
082 _a616.024
_bC15A
100 _aALLEN,J.HENRY
245 _aTHE CHRONIC MIASMS WITH REPERTORY
260 _aNOIDA
_bB.JAIN PUB
_c2015
300 _a566
650 _aHOMOEOPATHIC
942 _2ddc
_cBK
999 _c18608
_d18608